| 000 | 06473cam a2201285 a 4500 | ||
|---|---|---|---|
| 999 | _c53615 | ||
| 001 | 10646442 | ||
| 003 | LIBRIS | ||
| 005 | 20201007133341.0 | ||
| 008 | 080109s2009 sw |||||||||||000 0|swe|c | ||
| 020 | _a9789127413184 | ||
| 035 | _a(Bo)432777 | ||
| 035 | _a(Mo)b1712530 | ||
| 040 |
_aLGEN _dUilu _dS _ea |
||
| 041 | _aswe | ||
| 082 | 0 | 4 |
_a372.41 _222/swe |
| 084 |
_aEaaca _2kssb/8 |
||
| 084 |
_aEabf.02 _2kssb/8 |
||
| 084 |
_aEaaca _2kssb/8 |
||
| 084 |
_aEabfc.02 _2kssb/8 |
||
| 100 | 1 |
_aWestlund, Barbro, _d1953- _4aut _0https://libris.kb.se/75knvr1r4577060#it |
|
| 245 | 1 | 0 |
_aAtt undervisa i läsförståelse : _blässtrategier och studieteknik för de första skolåren / _cBarbro Westlund. |
| 250 | _a1. utg. | ||
| 264 | 1 |
_aStockholm : _bNatur & kultur, _c2009 |
|
| 264 | 3 |
_aVärnamo : _bFälth & Hässler |
|
| 300 |
_a351 s. _bill. _c21 cm |
||
| 490 | 0 | _aLärare Lär | |
| 500 |
_5Mo _asvenska |
||
| 500 |
_5S _aTryckningar finns |
||
| 541 | _5Li | ||
| 650 | 7 |
_aLäsförståelse _0https://id.kb.se/term/sao/L%C3%A4sf%C3%B6rst%C3%A5else _2sao |
|
| 650 | 7 |
_aLäsundervisning _xlågstadiet _2sao |
|
| 650 | 0 | _aReading comprehension | |
| 650 | 4 |
_aLäsförståelse _xlågstadiet |
|
| 655 | 4 |
_5Mo _aBok |
|
| 770 | 0 |
_tStudiehandledning till Att undervisa i läsförståelse _z978-91-27-41940-7 _w11656736 |
|
| 887 |
_a{"@id":"2kcc6prd0p2grnl","modified":"2016-02-20T08:45:39+01:00","checksum":"133218123751"} _2librisxl |
||
| 887 |
_a{"@id":"pt1pt18v5nl83b2","modified":"2014-08-25T12:16:55+02:00","checksum":"54877411934"} _2librisxl |
||
| 887 |
_a{"@id":"tz63v8n02g4q0nv","modified":"2016-01-25T12:25:30+01:00","checksum":"54083707759"} _2librisxl |
||
| 887 |
_a{"@id":"v06t9vb13j875bb","modified":"2014-04-01T13:58:19+02:00","checksum":"50770328344"} _2librisxl |
||
| 887 |
_a{"@id":"7ckk23qd3dc0rrq","modified":"2018-01-29T12:08:35+01:00","checksum":"70839119545"} _2librisxl |
||
| 887 |
_a{"@id":"6bjk0grc2fgrmcs","modified":"2009-06-23T08:55:38+02:00","checksum":"50055910965"} _2librisxl |
||
| 887 |
_a{"@id":"v067qq71270z7bd","modified":"2012-04-03T11:26:13+02:00","checksum":"76214068075"} _2librisxl |
||
| 887 |
_a{"@id":"qv255l2w0s5571f","modified":"2016-06-29T12:54:50+02:00","checksum":"64915850521"} _2librisxl |
||
| 887 |
_a{"@id":"26dfmn170803bsj","modified":"2013-02-08T11:26:12+01:00","checksum":"52222333932"} _2librisxl |
||
| 887 |
_a{"@id":"59hktmpb5gcjdbm","modified":"2009-10-09T13:09:48+02:00","checksum":"53221225576"} _2librisxl |
||
| 887 |
_a{"@id":"hmttb99n1xv5vm5","modified":"2009-03-02T11:55:13+01:00","checksum":"50031326246"} _2librisxl |
||
| 887 |
_a{"@id":"7ckk911d3bcrtqs","modified":"2013-05-16T12:56:21+02:00","checksum":"47383999136"} _2librisxl |
||
| 887 |
_a{"@id":"x288p0n34xxrd15","modified":"2020-09-23T04:48:19.049+02:00","checksum":"54768067570"} _2librisxl |
||
| 887 |
_a{"@id":"jnvxkv0p20l8r6t","modified":"2012-05-02T09:13:06+02:00","checksum":"102614585789"} _2librisxl |
||
| 887 |
_a{"@id":"9fmmd48g374p102","modified":"2018-01-08T11:46:37+01:00","checksum":"47538963797"} _2librisxl |
||
| 887 |
_a{"@id":"v068224155s1x03","modified":"2009-08-19T08:38:30+02:00","checksum":"81936880327"} _2librisxl |
||
| 887 |
_a{"@id":"rw37cjbx50kjc18","modified":"2010-05-12T09:56:25+02:00","checksum":"49810665046"} _2librisxl |
||
| 887 |
_a{"@id":"kpwxsl2q3q0vfq9","modified":"2016-05-03T08:06:14+02:00","checksum":"69536135520"} _2librisxl |
||
| 887 |
_a{"@id":"lqx0cb0r39w4hf1","modified":"2019-12-02T13:03:03.208+01:00","checksum":"74583324530"} _2librisxl |
||
| 887 |
_a{"@id":"04bbp8054jv4q8z","modified":"2009-02-12T08:36:11+01:00","checksum":"76400750138"} _2librisxl |
||
| 887 |
_a{"@id":"bgnn847h4t9rvn6","modified":"2010-01-21T14:03:08+01:00","checksum":"52856409236"} _2librisxl |
||
| 887 |
_a{"@id":"p2nbqwjrmwmx62mf","modified":"2020-08-18T13:59:30.454+02:00","checksum":"55760396507"} _2librisxl |
||
| 887 |
_a{"@id":"qv22dtvw08wtpkn","modified":"2014-11-28T13:56:21+01:00","checksum":"64954736541"} _2librisxl |
||
| 887 |
_a{"@id":"x289mnc33qjmh9p","modified":"2009-06-01T11:21:36+02:00","checksum":"50058921702"} _2librisxl |
||
| 887 |
_a{"@id":"pt1386qv22g9hp1","modified":"2013-06-12T16:10:02+02:00","checksum":"69223707549"} _2librisxl |
||
| 942 |
_2z _cBOOK |
||